[Event "Alcoy Region-ch Preferente"]
[White "Gomez Maestro, Gustavo"]
[Black "Cartagena Valero, Ricardo"]
[Site "Alcoy"]
[Round "4"]
[Result "1-0"]
[Date "2016.10.29"]
[WhiteElo "1712"]
[BlackElo "1633"]
[PlyCount "73"]
[EventDate "2016.10.01"]
[EventType "swiss"]
[EventRounds "7"]
[EventCountry "ESP"]
[SourceTitle "EXT 2024"]
[Source "ChessBase"]
[SourceDate "2023.10.10"]
[SourceVersion "1"]
[SourceVersionDate "2023.10.10"]
[SourceQuality "1"]

1. d4 Nf6 2. c4 g6 3. f3 Bg7 4. e4 d6 5. Nc3 0-0 6. Be3 c5 7. d5 e6 8. Nge2 exd5 9. cxd5 a6 10. a4 Nbd7 11. Ng3 Ne5 12. Be2 Qb6 13. Qd2 Re8 14. 0-0 Bd7 15. a5 Qb4 16. Na4 Qxd2 17. Bxd2 Bb5 18. Nb6 Ra7 19. Rac1 Nfd7 20. b4 Nd3 21. Bxd3 Bd4+ 22. Kh1 Bxd3 23. Nxd7 b5 24. bxc5 Rxd7 25. c6 Rc7 26. Bf4 Rd8 27. Rfd1 Bb2 28. Rxd3 Bxc1 29. Bxc1 f6 30. Ba3 Kf7 31. Ne2 Ke7 32. Nd4 Rb8 33. Bb4 Rg8 34. Ne6 Rcc8 35. Rc3 h6 36. c7 Kd7 37. Rc6 1-0